| 000 | 00748nam a22002177a 4500 | ||
|---|---|---|---|
| 003 | OSt | ||
| 005 | 20260305080132.0 | ||
| 008 | 260113b |||||||| |||| 00| 0 eng d | ||
| 020 | _a978-971-06-3103-2 | ||
| 040 |
_aDWCL-Main Lib _cOC |
||
| 082 | _aRes. 808.8 Se487 2011 | ||
| 100 | _aLapid,Milagros G. / JOSEPHINE B. SERRANO | ||
| 245 | _aEnglish communication arts and skills through world literature IV | ||
| 260 |
_aQuezon City: _bPhoenix Publishing House, Inc., _cc2011. |
||
| 300 |
_aix, 373 p.: _bill.; _c26 cm. |
||
| 504 | _aIncludes index and glossary. | ||
| 650 | _aWorld literature | ||
| 650 | _aWorld literature | ||
| 650 | _aWorld literature-study and teaching(secondary)- Philippines. | ||
| 942 |
_2ddc _cBK-0 CIRC _e6th ed. _n0 _mRes. |
||
| 999 |
_c7318 _d7318 |
||